MARC

LEADER 00000cam a2200000 7i4500
001 0000027044
005 20090811.0
008 090811
020 |a 0500513473 
090 0 0 |a 355.41   |b NEW 
100 1 |a Newark, Tim 
245 1 4 |a Camouflage   |c Tim Newark 
260 |a London :   |b Thames & Hudson Ltd publishers2007 
650 0 |a Art and camouflage 
650 0 |a Camouflage (biology) 
650 0 |a Camouflage (military science) 
650 0 |a Clothing and dress   |x history 
650 0 |a Fashion 
710 1 |a Imperial war museum (Great Britain) 
999 |a 0001057845   |b Book   |c REFERENCE   |e Perbadanan Perpustakaan Awam Johor